Rights of Non-Muslims in the Islamic World (Record no. 19268)

MARC details
000 -LEADER
fixed length control field 00569nam a2200217 a 4500
020 ## - INTERNATIONAL STANDARD BOOK NUMBER
ISBN
082 00 - DEWEY DECIMAL CLASSIFICATION NUMBER
Classification number 323.30297
Author Cutter AAY
100 ## - MAIN ENTRY--AUTHOR NAME
Author name Aayed, Saleh Hussain
245 ## - TITLE STATEMENT
Title Rights of Non-Muslims in the Islamic World
260 ## - PUBLICATION, DISTRIBUTION, ETC. (IMPRINT)
Place of publication Riyadh, KSA
Name of publisher Dar Eshbekia for Pub.& Dist
Year of publication 2002
300 ## - PHYSICAL DESCRIPTION
Number of Pages 80p
500 ## - GENERAL NOTE
General note includes index and biblioraphy
650 ## - SUBJECT ADDED ENTRY--TOPICAL TERM
Topical Term Minorities-Islamic State
942 ## - ADDED ENTRY ELEMENTS (KOHA)
Koha item type Books
Holdings
Collection code Home library Current library Date acquired Cost, normal purchase price Full call number Accession Number Koha item type
  Henry Martyn Institute Library Henry Martyn Institute Library 03/20/2009 100.00 323.30297 AAY 11001703 Books
                   Copyright © 2026 | Henry Martyn Institute | Hyderabad | TS-500052 | INDIA | Implemented by hmi.edu.in
Hit-Count:

Powered by Koha